| 000 -LEADER |
| fixed length control field |
00796nam a2200229 4500 |
| 001 - CONTROL NUMBER |
| control field |
21794 |
| 003 - CONTROL NUMBER IDENTIFIER |
| control field |
BD-DhUAP |
| 005 - DATE AND TIME OF LATEST TRANSACTION |
| control field |
20230529161535.0 |
| 008 - FIXED-LENGTH DATA ELEMENTS--GENERAL INFORMATION |
| fixed length control field |
230528b2021 bg a|||| |||| 001 0aeng d |
| 020 ## - INTERNATIONAL STANDARD BOOK NUMBER |
| International Standard Book Number |
9789845062800 |
| 040 ## - CATALOGING SOURCE |
| Original cataloging agency |
BD-DhUAP |
| Language of cataloging |
ENG |
| Transcribing agency |
BD-DhUAP |
| Modifying agency |
BD-DhUAP |
| 082 ## - DEWEY DECIMAL CLASSIFICATION NUMBER |
| Edition number |
23 |
| Classification number |
821.8 MUR |
| 100 ## - MAIN ENTRY--PERSONAL NAME |
| Personal name |
Murshid,Sarwar Kkan. |
| 245 ## - TITLE STATEMENT |
| Title |
Indian elements in the works of W.B. Yeats, T.S. Eliot & Aldous Huxley / |
| Statement of responsibility, etc. |
Khan Sarwar Murshid. |
| 260 ## - PUBLICATION, DISTRIBUTION, ETC. |
| Place of publication, distribution, etc. |
Dhaka, Bangladesh : |
| Name of publisher, distributor, etc. |
University Press Limited, |
| Date of publication, distribution, etc. |
April 2021. |
| 300 ## - PHYSICAL DESCRIPTION |
| Extent |
xviii, 235 pages ; |
| Dimensions |
22 cm |
| 504 ## - BIBLIOGRAPHY, ETC. NOTE |
| Bibliography, etc. note |
Includes bibliographical references (pages 225-235). |
| 546 ## - LANGUAGE NOTE |
| Language note |
Includes appendix in Bengali. |
| 650 ## - SUBJECT ADDED ENTRY--TOPICAL TERM |
| Topical term or geographic name entry element |
Philosophy, Indic, in literature. |
| 650 ## - SUBJECT ADDED ENTRY--TOPICAL TERM |
| Topical term or geographic name entry element |
Civilization in literature. |
| 942 ## - ADDED ENTRY ELEMENTS (KOHA) |
| Source of classification or shelving scheme |
|
| Koha item type |
Book |